Ministros do STF - Statistics

Estatísticas Gerais
  • Esse quiz foi jogado 121 vezes
    32 desde o último reset
  • A pontuação média é 7 de 11
Estatísticas das Respostas
Indicação Ministro % Correto
M. Temer Alexandre de Moraes
100%
L. Lula da Silva Cármen Lúcia
89%
L. Lula da Silva Flávio Dino
68%
L. Lula da Silva Dias Toffoli
64%
D. Rousseff Luís Fux
64%
L. Lula da Silva Cristiano Zanin
57%
J. Bolsonaro André Mendonça
54%
F. Cardoso Gilmar Mendes
50%
J. Bolsonaro Nunes Marques
46%
D. Rousseff Edson Fachin
43%
L. Lula da Silva (Apenas Indicado) Jorge Messias
29%
Nenhum quiz correspondente encontrado
Distribuição das Pontuações
Porcentagem de Pessoas com Cada Pontuação
Percentil de Números Respondidos
Sua Pontuação Histórica
Você não jogou esse quiz desde o último reset